[Event "Joao Pessoa op 6th"]
[Site "Joao Pessoa"]
[Date "2015.03.13"]
[Round "2"]
[White "Caceres, Diego"]
[Black "Paiva, Luis Flavio Medeiro"]
[Result "1-0"]
[WhiteElo "2110"]
[BlackElo "1669"]
[PlyCount "71"]
[EventDate "2015.03.13"]
[EventType "swiss"]
[EventRounds "6"]
[EventCountry "BRA"]
[SourceTitle "CBM 165 Extra"]
[Source "ChessBase"]
[SourceDate "2015.04.21"]
[SourceVersion "1"]
[SourceVersionDate "2015.04.21"]
[SourceQuality "1"]

1. d4 Nf6 2. Bg5 d5 3. e3 Bf5 4. Nf3 h6 5. Bh4 e6 6. c4 Be7 7. Nc3 0-0 8. Qb3 dxc4 9. Qxc4 c6 10. Be2 Nbd7 11. 0-0 Nb6 12. Qb3 Ne4 13. Nxe4 Bxe4 14. Bg3 Bd6 15. Ne5 Qc7 16. Bh5 Qe7 17. f3 Bh7 18. f4 Be4 19. Bf3 Bxf3 20. Rxf3 Rac8 21. f5 Bxe5 22. Bxe5 exf5 23. Rg3 g5 24. h4 Nd5 25. hxg5 hxg5 26. Rf1 f6 27. Rxf5 Rf7 28. e4 fxe5 29. Rfxg5+ Kh8 30. exd5 cxd5 31. Rh5+ Rh7 32. Rxh7+ Kxh7 33. Qd3+ Kh8 34. Rh3+ Kg8 35. Qg6+ Qg7 36. Qe6+ 1-0

[Event "Paraibano-ch"]
[Site "Joao Pessoa"]
[Date "2014.11.30"]
[Round "5"]
[White "De Lima, Claudionor Henrique"]
[Black "Paiva, Luis Flavio Medeiro"]
[Result "1/2-1/2"]
[WhiteElo "1527"]
[BlackElo "1675"]
[PlyCount "73"]
[EventDate "2014.11.28"]
[EventType "swiss"]
[EventRounds "5"]
[EventCountry "BRA"]
[SourceTitle "EXT 2022"]
[Source "ChessBase"]
[SourceDate "2021.10.06"]
[SourceVersion "1"]
[SourceVersionDate "2021.10.06"]
[SourceQuality "1"]

1. e4 e5 2. Nf3 Nc6 3. Bc4 Nf6 4. Ng5 d5 5. exd5 Nxd5 6. Qf3 Qxg5 7. Bxd5 Qf6 8. Bxc6+ Qxc6 9. Qxc6+ bxc6 10. d3 Rb8 11. a3 f6 12. Be3 a6 13. b4 Kf7 14. Nd2 Bf5 15. Rc1 Rb5 16. f4 Bd6 17. c4 Rbb8 18. c5 Be7 19. Ne4 Rhd8 20. Rd1 a5 21. fxe5 Bxe4 22. exf6 Rxd3 23. Rxd3 Bxd3 24. fxe7 axb4 25. axb4 Rxb4 26. Kd2 Be4 27. Kc3 Bxg2 28. Re1 Re4 29. Bd2 Rxe1 30. Bxe1 Kxe7 31. Kd4 Kf6 32. Bg3 Ke6 33. Bxc7 Kd7 34. Bg3 Ke6 35. Bf4 Kf6 36. Be5+ Kg6 37. Bd6 1/2-1/2

[Event "Paraibano-ch"]
[Site "Joao Pessoa"]
[Date "2014.11.29"]
[Round "2"]
[White "Paiva, Luis Flavio Medeiro"]
[Black "Dantas, Francisco"]
[Result "0-1"]
[WhiteElo "1675"]
[BlackElo "1973"]
[PlyCount "66"]
[EventDate "2014.11.28"]
[EventType "swiss"]
[EventRounds "5"]
[EventCountry "BRA"]
[SourceTitle "EXT 2022"]
[Source "ChessBase"]
[SourceDate "2021.10.06"]
[SourceVersion "1"]
[SourceVersionDate "2021.10.06"]
[SourceQuality "1"]

1. e4 e6 2. d4 d5 3. Nd2 Be7 4. Ngf3 Nf6 5. Bd3 c5 6. e5 Nfd7 7. 0-0 cxd4 8. Nb3 Nc6 9. Re1 Qb6 10. Bf4 h6 11. Qd2 Nb4 12. Bf1 d3 13. Bxd3 Nxd3 14. Qxd3 0-0 15. c3 a5 16. Re2 a4 17. Nbd4 a3 18. b4 Qa6 19. b5 Qa5 20. Qd2 Nc5 21. Rae1 Kh7 22. h4 Bd7 23. g4 Bxb5 24. Nxb5 Qxb5 25. h5 Qd3 26. Kg2 Qxd2 27. Bxd2 Ne4 28. Nd4 Rfc8 29. Nb5 Rc5 30. Nd6 Bxd6 31. exd6 Nxd6 32. g5 hxg5 33. Bxg5 Rxc3 0-1